Statistics for Skater Of The Year

Click here to take the quiz!

General Stats

  • This quiz has been taken 346 times
    (12 since last reset)
  • The average score is 4 of 34

Answer Stats

YearAnswer% Correct
1990Tony Hawk
90%
2009Chris Cole
30%
2005Chris Cole
30%
1998Andrew Reynolds
20%
2001Arto Saari
20%
1997Bob Burnquist
20%
1991Danny Way
20%
2004Danny Way
20%
1996Eric Koston
20%
2000Geoff Rowley
20%
2020Mason Silva
20%
2018Tyshawn Jones
20%
2022Tyshawn Jones
20%
2006Daewon Song
10%
2012David Gonzalez
10%
2011Grant Taylor
10%
2017Jamie Foy
10%
2007Marc Johnson
10%
2003Mark Appleyard
10%
1994Mike Carroll
10%
2015Anthony van Engelen
0%
1999Brian Anderson
0%
1995Chris Senn
0%
2013Ishod Wair
0%
1992John Cardiel
0%
2016Kyle Walker
0%
2010Leo Romero
0%
2021Mark Suciu
0%
2023Miles Silvas
0%
2019Milton Martinez
0%
1993Salman Agah
0%
2008Silas Baxter-Neal
0%
2002Tony Trujillo
0%
2014Wes Kremer
0%

Score Distribution

Percentile by Number Answered

Percent of People with Each Score

Your Score History

You have not taken this quiz since the last reset